000 00676nam a2200217Ia 4500
003 GCL
008 140319s9999 xx 000 0 ara d
040 _aGCL /
_cGCL
082 0 4 _a200.921
_bب د
100 1 _aبوتيرو، جان
245 1 0 _aالديانة عند البابليين /
_cبوتيرو، جان
700 1 _aوليد الجادر
250 _aالاولى
260 _aسوريا :
_bمركز الانماء الحضارى ،
_c2005
300 _a172ص ؛
_c24سم
650 0 4 _aالديانات القديمة
650 0 4 _aالبابليون
650 0 4 _aالسامية
650 0 4 _aحضارة العراق القديمة
942 _2ddc
_cBK
999 _c8540
_d8540